The Manager's Book of Questions: 1001 Great Interview Questions for Hiring the Right Person (Record no. 1618)

MARC details
005 - DATE AND TIME OF LATEST TRANSACTION
control field 20250612120221.0
020 ## - INTERNATIONAL STANDARD BOOK NUMBER
International Standard Book Number 0-07-147043-3
082 ## - DEWEY DECIMAL CLASSIFICATION NUMBER
Classification number 658. 311 KAD
100 ## - MAIN ENTRY--PERSONAL NAME
Author name KADOR, J.
245 ## - TITLE STATEMENT
Title The Manager's Book of Questions: 1001 Great Interview Questions for Hiring the Right Person
260 ## - PUBLICATION, DISTRIBUTION, ETC.
Place of publication, distribution, etc. New York,
Name of publisher, distributor, etc. McGraw-Hill,
Date of publication, distribution, etc. 2006.
300 ## - PHYSICAL DESCRIPTION
Extent xx, 204p.: ill.; figure, picture.
Dimensions 23cm.
856 ## - ELECTRONIC LOCATION AND ACCESS
Link text Access online book
Electronic name The Manager's Book of Questions: 1001 Great Interview Questions for Hiring the Right Person
Path books.mcgraw-hill.com
942 ## - ADDED ENTRY ELEMENTS (KOHA)
Source of classification or shelving scheme Dewey Decimal Classification
Koha item type Books
Holdings
Date last seen Total checkouts Full call number Barcode Cost, replacement price Price effective from Koha item type Lost status Source of classification or shelving scheme Damaged status Not for loan Withdrawn status Home library Current library Shelving location Date acquired Cost, normal purchase price
04/22/2025   658. 311 KAD 0000006170 105000.00 04/15/2025 Books   Dewey Decimal Classification       College of Business Education Main Library College of Business Education Main Library General Collection 04/22/2025 35000.00
06/12/2025   LECT 658.311 KAD 00000012728 105000.00 06/12/2025 Books   Dewey Decimal Classification       College of Business Education Main Library College of Business Education Main Library General Collection 07/16/2012 35000.00
06/12/2025   LECT 658.311 KAD 00000012729 105000.00 06/12/2025 Books   Dewey Decimal Classification       College of Business Education Main Library College of Business Education Main Library General Collection 07/16/2012 35000.00
06/12/2025   LECT 658.311 KAD 00000012730 105000.00 06/12/2025 Books   Dewey Decimal Classification       College of Business Education Main Library College of Business Education Main Library General Collection 07/16/2012 35000.00